Copa Mundial de la FIFA 2026 - Estadísticas

Estadísticas generales
  • Esta prueba ha sido intentada 133 veces
  • La puntuación promedio es 40 de 48
Estadísticas de respuestas
Grupo Time % Correcto
C Brasil
99%
B Canadá
99%
D Estados Unidos
98%
A México
98%
E Alemania
94%
F Japón
94%
H España
93%
H Uruguay
93%
J Argentina
92%
I Francia
92%
F Países Bajos
92%
K Colombia
91%
L Inglaterra
91%
K Portugal
91%
A Corea del Sur
90%
G Bélgica
89%
E Ecuador
89%
C Marruecos
89%
D Paraguay
89%
D Australia
87%
G Irán
87%
G Nueva Zelanda
87%
F Suecia
87%
B Suiza
84%
H Arabia Saudita
82%
G Egipto
82%
I Noruega
82%
I Senegal
80%
D Turquía
80%
B Bosnia y Herzegovina
79%
L Croacia
79%
A Sudáfrica
78%
J Austria
77%
I Irak
77%
L Panamá
76%
J Argelia
75%
H Cabo Verde
74%
F Tunez
74%
A República Checa
72%
L Ghana
70%
E Curazao
69%
C Escócia
68%
K República Democrática del Congo
68%
J Jordania
67%
B Catar
66%
K Uzbekistán
66%
C Haití
64%
E Costa de Marfil
56%
No se encontraron pruebas coincidentes
Distribución de puntuación
Porcentaje de gente con cada puntuación
Porcentaje por número respondido
Historial de tus puntuaciones
No has intentado esta prueba.